| 000 | 02034cam a2200361 i 4500 | ||
|---|---|---|---|
| 001 | 200468111 | ||
| 003 | TR-AnTOB | ||
| 005 | 20260414143730.0 | ||
| 007 | ta | ||
| 008 | 260414t19671967nju 000 j eng | ||
| 010 | _a 67010315 | ||
| 035 | _a754648 | ||
| 035 | _a(TR-AnTOB)200468111 | ||
| 040 |
_aDLC _beng _erda _cDLC _dDLC _dTR-AnTOB |
||
| 041 | 0 | _aeng | |
| 050 | 0 | 4 |
_aPN6014 _b.S76 1967 |
| 090 |
_aPN6014 _b.S76 1967 |
||
| 245 | 1 | 4 |
_aThe story : _ba critical anthology / _cedited by Mark Schorer. |
| 250 | _aSecond edition. | ||
| 264 | 1 |
_aEnglewood Cliffs, N.J.: _bPrentice-Hall, _c1967. |
|
| 264 | 4 | _c©1967 | |
| 300 |
_axii, 459 pages ; _c22 cm |
||
| 336 |
_atext _btxt _2rdacontent |
||
| 337 |
_aunmediated _bn _2rdamedia |
||
| 338 |
_avolume _bnc _2rdacarrier |
||
| 490 | 0 | _aPrentice-Hall English literature series | |
| 505 | 0 | _aRailway accident / Thomas Mann.--The bride comes to Yellow Sky / Stephen Crane.--The use of force / William Carlos Williams.--Swaddling clothes / Yukio Mishima.--Sausage and beer / Stephen Minot.--Gooseberries / Anton Chekhov.--The egg / Sherwood Anderson.--The freshest boy / F. Scott Fitzgerald.--The catbird seat / James Thurber.--Sentimental education / Harold Brodkey.--THe magic barrel / Bernard Malamud.--The basement room / Graham Greene.--Silent snow, secret snow / Conrad Aiken.--Amy Foster / Joseph Conrad.--The grave / Katherine Anne Porter.--The artificial nigger / Flannery O'Connor.--Hydrography / Paul Brodeur.--A little cloud / James Joyce.--THe horse dealer's daughter / D.H. Lawrence.--Death of a travelling salesman / Eudora Welty.--A vision of the world / John Cheever.--A shower of gold / Donald Barthelme.--The old people / William Faulkner.--A clean, well-lighted place / Ernest Hemingway.--The turn of the screw / Henry James.--The metamorphosis / Franz Kafka. | |
| 650 | 0 |
_aShort stories _945955 |
|
| 655 | 7 |
_aShort stories _2lcgft _9153047 |
|
| 700 | 1 |
_aSchorer, Mark, _d1908-1977 _eeditor _4edt _9153149 |
|
| 942 |
_2lcc _cBK |
||
| 999 |
_c200468111 _d86323 |
||